000 00693cam a22002533a 4500
001 16725
003 PGUSA
005 20140828083345.0
008 050919s2005||||xxu|||||s|||||000 | eng d
040 _aPGUSA
_beng
042 _adc
050 4 _aPZ
100 1 _aMacé, Jean,
_d1815-1894
245 1 0 _aSprookjes van Jean Macé
_h[electronic resource] /
_cJean Macé
260 _bProject Gutenberg,
_c2005
506 _aPublic domain in the USA.
516 _aElectronic text
653 _aFairy tales
700 1 _aWiegman, Jan,
_d1884-1963
700 1 _aHermanna,
_d1877-1946
830 0 _aProject Gutenberg
_v16725
856 4 0 _uhttp://www.gutenberg.org/ebooks/16725
942 _cEB
999 _c245980
_d245980